[Event "LI Festival A"]
[Site "Imperia ITA"]
[Date "2009.08.31"]
[Round "2"]
[White "Mitura, Vaclav"]
[Black "Mitura, Karel"]
[WhiteElo "2194"]
[BlackElo "2017"]
[Result "1/2-1/2"]
[PlyCount "47"]
[EventDate "2009.08.30"]

1. e4 c5 2. Nf3 Nc6 3. Nc3 e5 4. Bc4 Be7 5. d3 Nf6 6. O-O O-O 7. Nd5 d6 8.
Nxe7+ Qxe7 9. Bg5 h6 10. Bxf6 Qxf6 11. h3 Be6 12. Bxe6 fxe6 13. Nd2 Ne7 14. Qf3
Qg5 15. Qe3 Qf6 16. Qf3 b5 17. Qxf6 Rxf6 18. a4 b4 19. Nc4 Rd8 20. f3 Ng6 21.
g3 Kf7 22. Kg2 Ke7 23. h4 d5 24. Ne3 1/2-1/2

[Event "LI Festival A"]
[Site "Imperia ITA"]
[Date "2009.08.31"]
[Round "2"]
[White "Moroder, Stefan"]
[Black "Van Hoolandt, Patrick"]
[WhiteElo "2062"]
[BlackElo "2233"]
[Result "0-1"]
[PlyCount "38"]
[EventDate "2009.08.30"]

1. d4 Nf6 2. c4 e6 3. Nc3 Bb4 4. f3 d5 5. a3 Bxc3+ 6. bxc3 c5 7. cxd5 Nxd5 8.
dxc5 f5 9. Qd4 O-O 10. c4 Nc6 11. Qd2 Nf6 12. Qxd8 Rxd8 13. e3 Nd7 14. Ne2 Nxc5
15. Nc3 b6 16. Bb2 Ne5 17. Rd1 Ba6 18. Nd5 Nxc4 19. Nc7 Nxb2 0-1

[Event "LI Festival A"]
[Site "Imperia ITA"]
[Date "2009.08.31"]
[Round "2"]
[White "Mozny, Milos"]
[Black "Barletta, Mauro"]
[WhiteElo "2370"]
[BlackElo "2191"]
[Result "1-0"]
[PlyCount "111"]
[EventDate "2009.08.30"]

1. d4 d5 2. Nf3 Nc6 3. c4 Bg4 4. Nc3 e6 5. cxd5 exd5 6. Bf4 Bxf3 7. gxf3 Bd6 8.
Bg3 h5 9. e3 Nge7 10. a3 a6 11. Bh3 h4 12. Bxd6 Qxd6 13. Qd3 g6 14. b4 f5 15.
O-O Nd8 16. Kh1 Ne6 17. Rg1 Kf7 18. Na4 a5 19. b5 b6 20. Nb2 Raf8 21. f4 Rhg8
22. Qe2 Ke8 23. Nd3 Kd8 24. Ne5 Kc8 25. Nf3 Kb7 26. a4 Kb8 27. Rac1 Rh8 28. Ne5
Rhg8 29. Rc6 Nxc6 30. bxc6 Kc8 31. Rxg6 Rxg6 32. Nxg6 Kd8 33. Nxf8 Nxf8 34. Qc2
Qf6 35. Bxf5 Ke7 36. Kg2 Kd6 37. f3 Qg7+ 38. Kf2 Ne6 39. Qc3 Qf6 40. Bh3 Qh6
41. f5 Nd8 42. Qa3+ Kxc6 43. Qe7 Qd6 44. Qxd6+ Kxd6 45. e4 dxe4 46. fxe4 c6 47.
Ke3 Nf7 48. f6 Kc7 49. e5 Kd8 50. Kf4 b5 51. axb5 cxb5 52. Bf1 b4 53. e6 Nd6
54. Ke5 Nc8 55. d5 Kc7 56. f7 1-0

[Event "LI Festival A"]
[Site "Imperia ITA"]
[Date "2009.08.31"]
[Round "2"]
[White "Parodi, Alessandro"]
[Black "Ornati, Gianmaria"]
[WhiteElo "2093"]
[BlackElo "1906"]
[Result "1-0"]
[PlyCount "57"]
[EventDate "2009.08.30"]

1. d4 Nf6 2. c4 g6 3. Nc3 Bg7 4. e4 d6 5. f3 O-O 6. Be3 Nc6 7. Qd2 a6 8. h4 h5
9. O-O-O Rb8 10. Nge2 b5 11. Nf4 bxc4 12. Bxc4 Na5 13. Be2 c6 14. g4 hxg4 15.
h5 gxf3 16. Bd3 e5 17. h6 exf4 18. hxg7 Kxg7 19. Bxf4 Rh8 20. Bh6+ Kg8 21. e5
Ng4 22. Bg5 f6 23. Rxh8+ Kxh8 24. Rh1+ Kg8 25. exf6 Qb6 26. Bxg6 Nc4 27. f7+
Kg7 28. f8=Q+ Kxf8 29. Qf4+ 1-0

[Event "LI Festival A"]
[Site "Imperia ITA"]
[Date "2009.08.31"]
[Round "2"]
[White "Pepino, Enrico"]
[Black "Mercandelli, Claudio"]
[WhiteElo "2110"]
[BlackElo "1914"]
[Result "1-0"]
[PlyCount "98"]
[EventDate "2009.08.30"]

1. e4 Nc6 2. Nf3 d6 3. d4 Nf6 4. Nc3 Bg4 5. Be2 e6 6. Be3 Be7 7. h3 Bh5 8. d5
exd5 9. exd5 Bxf3 10. Bxf3 Ne5 11. Be2 O-O 12. Qd2 c5 13. O-O a6 14. a4 Qa5 15.
f4 Ng6 16. g4 Qb4 17. a5 Ne4 18. Qd3 Ng3 19. Rf3 Nxe2+ 20. Nxe2 Qxb2 21. Rff1
Qb5 22. Rab1 Qxd3 23. cxd3 b5 24. axb6 Rfb8 25. Nc3 Nf8 26. Na4 Nd7 27. d4 cxd4
28. Bxd4 Rb7 29. Rfe1 Bf6 30. Bf2 Kf8 31. g5 Bd8 32. Rb2 Rab8 33. Reb1 Rc8 34.
Rb4 Rc2 35. R1b2 Rxb2 36. Rxb2 f6 37. h4 Kf7 38. Kg2 Kg6 39. Kf3 Kf5 40. Bd4
Be7 41. Rc2 Bd8 42. Rc6 fxg5 43. hxg5 h6 44. gxh6 gxh6 45. Rxd6 h5 46. Nc3 Bxb6
47. Ne2 h4 48. Bxb6 Ne5+ 49. fxe5 Kxe5 1-0

[Event "LI Festival A"]
[Site "Imperia ITA"]
[Date "2009.08.31"]
[Round "2"]
[White "Poloch, Petr"]
[Black "Movsziszian, Karen"]
[WhiteElo "2274"]
[BlackElo "2570"]
[Result "0-1"]
[PlyCount "108"]
[EventDate "2009.08.30"]

1. e4 g6 2. d4 d6 3. c3 Nf6 4. Bd3 Bg7 5. f4 O-O 6. Nf3 c5 7. dxc5 Nbd7 8. cxd6
exd6 9. O-O Nc5 10. Qc2 Re8 11. Nbd2 Nxd3 12. Qxd3 Nxe4 13. Nxe4 Bf5 14. Qxd6
Rxe4 15. Qxd8+ Rxd8 16. Kf2 Rd3 17. Re1 Rxe1 18. Nxe1 Rd1 19. h3 Be6 20. Ke2
Rd5 21. Nc2 Ra5 22. a3 Bd5 23. g3 Rb5 24. Ne3 Be6 25. h4 a5 26. a4 Rb6 27. Nc2
Bc4+ 28. Kf2 h5 29. Nd4 Kf8 30. Nb5 Re6 31. Be3 Bf6 32. Ra3 Be7 33. Ra1 f6 34.
Nd4 Rd6 35. b3 Bd5 36. Nb5 Rc6 37. c4 Be4 38. Rd1 Ke8 39. Nd4 Rc8 40. Rg1 Kf7
41. Nb5 Rd8 42. Nc3 Bc2 43. Re1 Bxb3 44. Rb1 Bxc4 45. Rxb7 Ke6 46. f5+ gxf5 47.
Nb5 Bb4 48. Nd4+ Kd5 49. Nxf5 Ke4 50. Ng7 Rd1 51. Ba7 Rd2+ 52. Kg1 Be2 53. Rf7
Bf3 54. Rxf6 Rd1+ 0-1

[Event "LI Festival A"]
[Site "Imperia ITA"]
[Date "2009.08.31"]
[Round "2"]
[White "Spinelli, Doriano"]
[Black "Cavatorta, Fosco"]
[WhiteElo "2115"]
[BlackElo "1941"]
[Result "1/2-1/2"]
[PlyCount "44"]
[EventDate "2009.08.30"]

1. e4 c6 2. d3 d5 3. Nd2 e5 4. Ngf3 Bd6 5. Be2 Nf6 6. d4 Nbd7 7. dxe5 Nxe5 8.
Nxe5 Bxe5 9. Nf3 Bc7 10. exd5 Qxd5 11. O-O O-O 12. Qxd5 Nxd5 13. Nd4 Bb6 14. c3
Bxd4 15. cxd4 Nb4 16. Bg5 Nc2 17. Rad1 h6 18. Bh4 Nb4 19. Bc4 Re8 20. a3 Nd5
21. Bxd5 cxd5 22. Rfe1 Bd7 1/2-1/2

[Event "LI Festival A"]
[Site "Imperia ITA"]
[Date "2009.08.31"]
[Round "2"]
[White "Stoppa, Omar"]
[Black "Chatalbashev, Boris"]
[WhiteElo "2261"]
[BlackElo "2548"]
[Result "0-1"]
[PlyCount "56"]
[EventDate "2009.08.30"]

1. e4 d6 2. Nf3 Nf6 3. Nc3 g6 4. d4 Bg7 5. h3 O-O 6. Be3 a6 7. a4 b6 8. e5 Nfd7
9. Bc4 dxe5 10. Ng5 Bb7 11. h4 exd4 12. Bxd4 Ne5 13. Bxe5 Qxd1+ 14. Rxd1 Bxe5
15. h5 Nc6 16. hxg6 hxg6 17. Nce4 Na5 18. Ba2 Bxe4 19. Nxe4 Bxb2 20. Rd3 Bg7
21. Rg3 e6 22. Rd3 Rad8 23. Rhh3 Nc6 24. Rxd8 Rxd8 25. Rd3 Rxd3 26. cxd3 Nd4
27. Nd2 b5 28. Nb3 Nf5 0-1

[Event "LI Festival A"]
[Site "Imperia ITA"]
[Date "2009.08.31"]
[Round "2"]
[White "Tomassoni, Leonardo"]
[Black "Payen, Arnaud"]
[WhiteElo "1951"]
[BlackElo "2368"]
[Result "0-1"]
[PlyCount "52"]
[EventDate "2009.08.30"]

1. e4 g6 2. d4 Bg7 3. f4 d5 4. e5 f6 5. Nf3 Nh6 6. Bd3 O-O 7. O-O b6 8. c3 Ba6
9. h3 Qc8 10. Nh4 e6 11. Be3 Bxd3 12. Qxd3 Qa6 13. Qxa6 Nxa6 14. Nd2 c5 15. a3
Rac8 16. Rac1 fxe5 17. fxe5 Rxf1+ 18. Nxf1 Nf7 19. Nd2 cxd4 20. Bxd4 Nc5 21.
Bxc5 bxc5 22. Nb3 Nxe5 23. Re1 Kf7 24. Re2 Bf6 25. Na5 Rc7 26. Nb3 Nd3 0-1

[Event "LI Festival A"]
[Site "Imperia ITA"]
[Date "2009.08.31"]
[Round "2"]
[White "Vuelban, Virgilio"]
[Black "Morselli, Stefano"]
[WhiteElo "2404"]
[BlackElo "1921"]
[Result "1-0"]
[PlyCount "89"]
[EventDate "2009.08.30"]

1. e4 g6 2. d4 Bg7 3. Nc3 d6 4. Nf3 Nf6 5. Be2 c6 6. O-O O-O 7. Bf4 b5 8. e5
dxe5 9. dxe5 Nh5 10. Qxd8 Rxd8 11. Bg5 f6 12. exf6 Nxf6 13. Rad1 Re8 14. Ne5
Nfd7 15. Nxd7 Bxd7 16. Bf3 a6 17. Rfe1 Kf7 18. Nd5 Ra7 19. Be3 cxd5 20. Bxd5+
e6 21. Bxa7 Nc6 22. Bxc6 Bxc6 23. Bd4 Bf8 24. c3 Bd5 25. Be5 Rc8 26. Rd4 Be7
27. a4 b4 28. cxb4 Rc2 29. b5 axb5 30. axb5 g5 31. b4 Bd8 32. h4 Bb6 33. hxg5
Bxd4 34. Bxd4 Rc4 35. Bc5 Rg4 36. Ra1 Rxg2+ 37. Kf1 Rxg5 38. Ra7+ Kg6 39. b6
Bg2+ 40. Ke2 Rd5 41. f3 Rf5 42. Ra3 Rf7 43. Kf2 Bh1 44. Kg1 Rxf3 45. Kxh1 1-0

[Event "LI Festival A"]
[Site "Imperia ITA"]
[Date "2009.09.01"]
[Round "3"]
[White "Astengo, Marcello"]
[Black "Guglielmi, Dante"]
[WhiteElo "2117"]
[BlackElo "1899"]
[Result "1-0"]
[PlyCount "57"]
[EventDate "2009.08.30"]

1. d4 d5 2. c4 e6 3. Nc3 Nf6 4. cxd5 exd5 5. Bg5 Be7 6. e3 Nbd7 7. Bd3 O-O 8.
Nge2 Re8 9. Qc2 Nf8 10. O-O c6 11. f3 Ng6 12. Rad1 h6 13. Bxf6 Bxf6 14. Bxg6
fxg6 15. e4 dxe4 16. fxe4 Bg5 17. e5 Bg4 18. Qxg6 Be3+ 19. Kh1 Qd7 20. Ne4 Bg5
21. Nxg5 hxg5 22. Rd2 Rf8 23. Rxf8+ Rxf8 24. Ng3 Rf4 25. Qxg5 Rxd4 26. Rxd4
Qxd4 27. h3 Bd1 28. Nf5 Qxe5 29. Ne7+ 1-0

[Event "LI Festival A"]
[Site "Imperia ITA"]
[Date "2009.09.01"]
[Round "3"]
[White "Barletta, Mauro"]
[Black "Meyer, Peter"]
[WhiteElo "2191"]
[BlackElo "2051"]
[Result "1-0"]
[PlyCount "59"]
[EventDate "2009.08.30"]

1. e4 e6 2. d4 d5 3. e5 c5 4. c3 Qb6 5. Nf3 Bd7 6. Bd3 Bb5 7. dxc5 Bxc5 8. O-O
Bxd3 9. Qxd3 Qa6 10. Qd2 Ne7 11. b4 Bb6 12. a4 Bc7 13. b5 Qb6 14. Ba3 Nd7 15.
c4 dxc4 16. Rd1 Rd8 17. Bxe7 Kxe7 18. Qb4+ Nc5 19. Nc3 a5 20. Qxc4 Rxd1+ 21.
Rxd1 g5 22. Qg4 h6 23. h4 Rg8 24. hxg5 hxg5 25. Qh5 g4 26. Qh7 Rg6 27. Qh4+ Ke8
28. Qh8+ Ke7 29. Nh4 Rg5 30. Qf6+ 1-0

[Event "LI Festival A"]
[Site "Imperia ITA"]
[Date "2009.09.01"]
[Round "3"]
[White "Cavatorta, Fosco"]
[Black "Moroder, Stefan"]
[WhiteElo "1941"]
[BlackElo "2062"]
[Result "0-1"]
[PlyCount "36"]
[EventDate "2009.08.30"]

1. d4 Nf6 2. Nf3 g6 3. Nc3 d5 4. Bf4 Bg7 5. Qd2 O-O 6. Bh6 e6 7. h4 c5 8. h5
cxd4 9. hxg6 dxc3 10. Qg5 fxg6 11. Bxg7 Kxg7 12. Ne5 cxb2 13. Rb1 Qa5+ 14. Kd1
Qxa2 15. Qh6+ Kg8 16. Rxb2 Qxb2 17. Nxg6 Qa1+ 18. Kd2 Ne4+ 0-1

[Event "LI Festival A"]
[Site "Imperia ITA"]
[Date "2009.09.01"]
[Round "3"]
[White "Chatalbashev, Boris"]
[Black "Di Paolo, Raffaele"]
[WhiteElo "2548"]
[BlackElo "2318"]
[Result "1-0"]
[PlyCount "57"]
[EventDate "2009.08.30"]

1. d4 Nf6 2. c4 g6 3. Nc3 Bg7 4. Bg5 d6 5. e4 O-O 6. Qd2 Na6 7. Bd3 e5 8. d5 c6
9. Nge2 Nc5 10. Bc2 cxd5 11. cxd5 a5 12. O-O Bd7 13. a3 Qb6 14. Kh1 Rfc8 15.
Rab1 Nb3 16. Bxb3 Qxb3 17. f4 h6 18. fxe5 Ng4 19. e6 fxe6 20. Qf4 Ne5 21. Bxh6
Rf8 22. Qh4 Rae8 23. Bxg7 Kxg7 24. Rxf8 Rxf8 25. Qe7+ Rf7 26. Qxd6 Nc4 27. Qg3
exd5 28. Nf4 Qb6 29. Ncxd5 1-0

[Event "LI Festival A"]
[Site "Imperia ITA"]
[Date "2009.09.01"]
[Round "3"]
[White "Di Lascio, Savino"]
[Black "Lacrosse, Marc"]
[WhiteElo "2012"]
[BlackElo "2184"]
[Result "1/2-1/2"]
[PlyCount "79"]
[EventDate "2009.08.30"]

1. Nf3 d5 2. g3 Bg4 3. Bg2 Nd7 4. O-O e5 5. d3 Ngf6 6. c4 dxc4 7. dxc4 Bc5 8.
b4 Bxf3 9. bxc5 Bxg2 10. Kxg2 Nxc5 11. Nd2 Qd7 12. Ba3 O-O-O 13. Bxc5 Qc6+ 14.
Kg1 Qxc5 15. Qc1 h5 16. Nb3 Qc6 17. Qe3 b6 18. Qxe5 h4 19. f3 hxg3 20. hxg3 Rh5
21. Qf4 Rdh8 22. Rac1 Rh1+ 23. Kf2 R1h2+ 24. Ke1 Qe6 25. Nd4 Qd7 26. c5 Re8 27.
cxb6 axb6 28. Rf2 Nd5 29. Rxc7+ Nxc7 30. Rxh2 Nd5 31. Qc1+ Kb7 32. e4 Nb4 33.
Qc3 Nd5 34. Qb3 f5 35. Re2 fxe4 36. fxe4 Nf6 37. Qd3 Rd8 38. Rd2 Re8 39. Re2
Rd8 40. Rd2 1/2-1/2

[Event "LI Festival A"]
[Site "Imperia ITA"]
[Date "2009.09.01"]
[Round "3"]
[White "Dolezal, Radoslav jr"]
[Black "Sulava, Nenad"]
[WhiteElo "2396"]
[BlackElo "2549"]
[Result "1/2-1/2"]
[PlyCount "54"]
[EventDate "2009.08.30"]

1. e4 e5 2. Nf3 Nc6 3. Bb5 Nf6 4. O-O Nxe4 5. Re1 Nd6 6. Nxe5 Be7 7. Bf1 Nxe5
8. Rxe5 O-O 9. d4 Bf6 10. Re1 Nf5 11. c3 d5 12. Bf4 Nh4 13. Nd2 Bf5 14. Nf3 Ng6
15. Bg3 c6 16. Bd3 Qd7 17. h3 Rfe8 18. Qc2 Bxd3 19. Qxd3 h6 20. Kf1 a6 21.
Rxe8+ Rxe8 22. Re1 Bg5 23. Rxe8+ Qxe8 24. Ne5 Nf4 25. Bxf4 Bxf4 26. Qe2 Bxe5
27. Qxe5 Qd7 1/2-1/2

[Event "LI Festival A"]
[Site "Imperia ITA"]
[Date "2009.09.01"]
[Round "3"]
[White "Dritsakos, Alessio"]
[Black "Del Dotto, Riccardo"]
[WhiteElo "1920"]
[BlackElo "2175"]
[Result "0-1"]
[PlyCount "52"]
[EventDate "2009.08.30"]

1. e4 e5 2. Nf3 Nf6 3. Nxe5 d6 4. Nf3 Nxe4 5. d4 d5 6. Bd3 Bd6 7. O-O O-O 8. c4
c6 9. Qc2 Na6 10. a3 Bg4 11. Ne5 Bxe5 12. dxe5 Nac5 13. f3 Nxd3 14. Qxd3 Nc5
15. Qd4 Nb3 16. Qxg4 Nxa1 17. Bh6 g6 18. Qf4 Re8 19. Bg5 Qb6+ 20. Rf2 Nc2 21.
Bf6 Qe3 22. Qg4 Qe1+ 23. Rf1 Qxf1+ 24. Kxf1 Ne3+ 25. Ke2 Nxg4 26. fxg4 Rxe5+
0-1

[Event "LI Festival A"]
[Site "Imperia ITA"]
[Date "2009.09.01"]
[Round "3"]
[White "Faraci, Antonino"]
[Black "Gras, Guillaume"]
[WhiteElo "2009"]
[BlackElo "2053"]
[Result "0-1"]
[PlyCount "114"]
[EventDate "2009.08.30"]

1. e4 Nf6 2. d3 d5 3. e5 Nfd7 4. f4 c5 5. Nf3 Nc6 6. g3 e6 7. Bh3 Be7 8. b3 h5
9. O-O g6 10. Nc3 a6 11. a4 b6 12. Bd2 Bb7 13. Qe2 Qc7 14. Rfe1 Na7 15. Nd1
O-O-O 16. Nf2 Nc6 17. c3 Kb8 18. d4 Na5 19. Rab1 c4 20. bxc4 Nxc4 21. Nd3 Rc8
22. Bc1 Ka7 23. Bf1 a5 24. Rb3 Ba6 25. Qa2 Nb8 26. Nb2 Bb7 27. Nd2 Ba6 28.
Nbxc4 dxc4 29. Rb2 g5 30. Ne4 gxf4 31. Bxf4 Bb7 32. Bg2 Rcg8 33. Reb1 Nd7 34.
Be3 Bd5 35. Rb5 h4 36. Nd6 hxg3 37. Rxd5 Bxd6 38. Rxd6 gxh2+ 39. Kh1 Rg3 40.
Qf2 Rhg8 41. Be4 f5 42. Bg2 Rxg2 43. Qxg2 Rxg2 44. Kxg2 Nf6 45. Rdxb6 Qg7+ 46.
Kh1 Nd5 47. Rb7+ Qxb7 48. Rxb7+ Kxb7 49. Bd2 Kc6 50. Kxh2 Nb6 51. Kg3 Nxa4 52.
Kf4 Nb6 53. Kg5 a4 54. Bc1 Nc8 55. Kf6 Kd5 56. Ba3 Na7 57. Bb2 f4 0-1

[Event "LI Festival A"]
[Site "Imperia ITA"]
[Date "2009.09.01"]
[Round "3"]
[White "Jurek, Josef"]
[Black "Pepino, Enrico"]
[WhiteElo "2353"]
[BlackElo "2110"]
[Result "1-0"]
[PlyCount "79"]
[EventDate "2009.08.30"]

1. d4 Nf6 2. Nf3 g6 3. c4 Bg7 4. Nc3 O-O 5. g3 d6 6. Bg2 c5 7. O-O Nc6 8. d5
Na5 9. Nd2 Rb8 10. Qc2 a6 11. b3 b5 12. Bb2 bxc4 13. bxc4 Bh6 14. Ncb1 e5 15.
Bc3 Bd7 16. Na3 Rb4 17. Bxb4 cxb4 18. Nab1 Qb6 19. Nb3 Nb7 20. N1d2 Nc5 21.
Nxc5 dxc5 22. e4 a5 23. Nf3 Qd6 24. Ne1 Bg7 25. Nd3 Ne8 26. a3 Qb6 27. axb4
axb4 28. Ra8 Nd6 29. Rfa1 Bc8 30. R1a5 b3 31. Qc3 f5 32. f3 fxe4 33. fxe4 Bh6
34. Ra3 Be3+ 35. Kh1 Nxe4 36. Rxb3 Qf6 37. Qe1 Nf2+ 38. Nxf2 Bxf2 39. Qf1 e4
40. Rbb8 1-0

[Event "LI Festival A"]
[Site "Imperia ITA"]
[Date "2009.09.01"]
[Round "3"]
[White "Malano, Francesco"]
[Black "Remille, Tristan"]
[WhiteElo "1900"]
[BlackElo "2204"]
[Result "0-1"]
[PlyCount "48"]
[EventDate "2009.08.30"]

1. d4 d5 2. Nf3 Nf6 3. e3 Nc6 4. c4 Bg4 5. Qa4 Bd7 6. cxd5 Nxd5 7. Qb3 e6 8.
Bd2 Nb6 9. Be2 Bd6 10. O-O O-O 11. Nc3 e5 12. dxe5 Nxe5 13. Nxe5 Bxe5 14. Rad1
Bc6 15. e4 Qh4 16. g3 Qh3 17. Bf3 Rae8 18. Bg2 Qh5 19. Rfe1 Kh8 20. Be3 f5 21.
exf5 Bxg2 22. Kxg2 Qxf5 23. f4 Bxc3 24. Bxb6 Bxe1 0-1

[Event "LI Festival A"]
[Site "Imperia ITA"]
[Date "2009.09.01"]
[Round "3"]
[White "Mercandelli, Claudio"]
[Black "Fattorelli, Luciano"]
[WhiteElo "1914"]
[BlackElo "2030"]
[Result "0-1"]
[PlyCount "88"]
[EventDate "2009.08.30"]

1. Nf3 c5 2. c4 g6 3. d4 cxd4 4. Nxd4 Bg7 5. Nc3 Nc6 6. Nxc6 bxc6 7. g3 Rb8 8.
Qc2 Nf6 9. Bf4 d6 10. Bg2 c5 11. Rd1 Bb7 12. e4 O-O 13. O-O Nd7 14. b3 Ne5 15.
Be3 Nc6 16. Qd2 Nd4 17. Bxd4 Bxd4 18. Nb5 Bg7 19. Nxa7 Ra8 20. Nb5 Bc6 21. a4
Qb6 22. e5 Bxg2 23. Kxg2 Bxe5 24. Qd5 Rab8 25. f4 Bf6 26. Rd3 Qb7 27. Qxb7 Rxb7
28. f5 Be5 29. fxg6 hxg6 30. Re1 f5 31. h4 Kg7 32. Rf1 Rh8 33. a5 Ra8 34. h5
Rxa5 35. hxg6 Kxg6 36. Rdf3 e6 37. Rd3 Ra6 38. Re1 Kf6 39. Rh1 Rg7 40. Rh6+ Kf7
41. Nc7 Ra2+ 42. Kh3 f4 43. Rf3 Rxg3+ 44. Rxg3 fxg3 0-1

[Event "LI Festival A"]
[Site "Imperia ITA"]
[Date "2009.09.01"]
[Round "3"]
[White "Mitura, Karel"]
[Black "Dubois, Martine"]
[WhiteElo "2017"]
[BlackElo "2001"]
[Result "1/2-1/2"]
[PlyCount "50"]
[EventDate "2009.08.30"]

1. e4 e5 2. Nf3 Nc6 3. Nc3 Nf6 4. g3 Bc5 5. Bg2 d6 6. O-O a6 7. d3 Be6 8. Nh4
Bg4 9. Qe1 Nd4 10. Qd2 Qd7 11. Kh1 O-O-O 12. Nd5 Nxd5 13. exd5 g5 14. Qxg5 Nxc2
15. Rb1 Be2 16. Be4 Kb8 17. Rg1 f6 18. Qd2 Nd4 19. b4 Bb6 20. Bb2 Bg4 21. Bg2
Rhg8 22. Bxd4 Bxd4 23. Qc2 f5 24. Nf3 Bxf3 25. Bxf3 Rg6 1/2-1/2

[Event "LI Festival A"]
[Site "Imperia ITA"]
[Date "2009.09.01"]
[Round "3"]
[White "Mitura, Vaclav"]
[Black "Spinelli, Doriano"]
[WhiteElo "2194"]
[BlackElo "2115"]
[Result "1/2-1/2"]
[PlyCount "63"]
[EventDate "2009.08.30"]

1. d4 d5 2. c4 e6 3. Nf3 Nf6 4. Nc3 Be7 5. Bg5 h6 6. Bh4 O-O 7. e3 b6 8. Be2
Bb7 9. Bxf6 Bxf6 10. cxd5 exd5 11. b4 c5 12. bxc5 bxc5 13. O-O Nc6 14. Rb1 Rb8
15. Rb5 cxd4 16. exd4 Ne7 17. Qc2 Bc6 18. Rc5 Rb4 19. Bb5 Bxb5 20. Rxb5 Rxb5
21. Nxb5 Qb6 22. Qc5 Rc8 23. Qxb6 axb6 24. Rb1 Rc2 25. a3 Nc6 26. g3 Kf8 27.
Ne1 Ra2 28. Nc3 Rxa3 29. Nxd5 Bxd4 30. Nc2 Rd3 31. Nxd4 Rxd4 32. Nxb6 1/2-1/2

[Event "LI Festival A"]
[Site "Imperia ITA"]
[Date "2009.09.01"]
[Round "3"]
[White "Miturova, Magdalena"]
[Black "Poloch, Petr"]
[WhiteElo "1971"]
[BlackElo "2274"]
[Result "0-1"]
[PlyCount "94"]
[EventDate "2009.08.30"]

1. e4 c5 2. Nf3 e6 3. d4 cxd4 4. Nxd4 Nf6 5. Nc3 d6 6. Bc4 Be7 7. g4 h6 8. Qe2
Nc6 9. Be3 Nxd4 10. Bxd4 e5 11. Be3 Bxg4 12. f3 Bh3 13. Rg1 g5 14. O-O-O a6 15.
Nd5 Nxd5 16. Bxd5 Qd7 17. Kb1 Rc8 18. c4 Be6 19. h4 gxh4 20. f4 Bf6 21. f5 Bxd5
22. Rxd5 Qc7 23. c5 dxc5 24. Rxc5 Qb8 25. Rxc8+ Qxc8 26. Rc1 Qd7 27. Bb6 O-O
28. Rd1 Qc6 29. Qg4+ Kh7 30. Bf2 Rc8 31. Qe2 Bg5 32. a3 Qc4 33. Qf3 Qc2+ 34.
Ka2 Bc1 35. Qb3 Qxb3+ 36. Kxb3 Bg5 37. Rh1 h5 38. Bxh4 Bxh4 39. Rxh4 Kh6 40.
Rh1 Kg5 41. Rg1+ Kf4 42. Rg7 Rc7 43. Rh7 Kxe4 44. Rxh5 f6 45. Kb4 Kf4 46. Ka5
e4 47. Kb6 Re7 0-1

[Event "LI Festival A"]
[Site "Imperia ITA"]
[Date "2009.09.01"]
[Round "3"]
[White "Morselli, Stefano"]
[Black "Stoppa, Omar"]
[WhiteElo "1921"]
[BlackElo "2261"]
[Result "0-1"]
[PlyCount "82"]
[EventDate "2009.08.30"]

1. Nf3 c5 2. e4 Nc6 3. c3 e6 4. d4 d5 5. e5 Qb6 6. Bd3 Nh6 7. O-O cxd4 8. cxd4
Nf5 9. Bxf5 exf5 10. Nc3 Be6 11. Qd3 Be7 12. Be3 O-O 13. b3 a6 14. Rfc1 Ba3 15.
Rd1 Nb4 16. Qe2 Rfc8 17. Bc1 Rxc3 18. Bxa3 Rc2 19. Rd2 Rc6 20. Bb2 Rac8 21. Ne1
a5 22. a3 Na6 23. Qd3 f4 24. g3 fxg3 25. Qxg3 Bf5 26. Qe3 Rg6+ 27. Kh1 Qb5 28.
Ng2 Rgc6 29. Nf4 Rc1+ 30. Rd1 R1c2 31. Rg1 g6 32. Nh5 Qe2 33. Nf6+ Kh8 34. Qxe2
Rxe2 35. Rgc1 Rxb2 36. Rxc8+ Bxc8 37. Rc1 Be6 38. Rc3 Rxf2 39. Kg1 Rd2 40. b4
axb4 41. axb4 Rb2 0-1

[Event "LI Festival A"]
[Site "Imperia ITA"]
[Date "2009.09.01"]
[Round "3"]
[White "Movsziszian, Karen"]
[Black "Mozny, Milos"]
[WhiteElo "2570"]
[BlackElo "2370"]
[Result "1-0"]
[PlyCount "69"]
[EventDate "2009.08.30"]

1. g3 d5 2. Nf3 c5 3. Bg2 Nc6 4. O-O Nf6 5. d3 g6 6. Nbd2 Bg7 7. e4 O-O 8. c3
e5 9. Qb3 c4 10. dxc4 dxe4 11. Ng5 e3 12. fxe3 h6 13. Nge4 Ng4 14. Nf3 f5 15.
c5+ Kh7 16. Nd6 e4 17. Nd4 Qe7 18. Bd2 Be5 19. Nxc8 Raxc8 20. Bh3 h5 21. Qd1
Rcd8 22. b4 Nxd4 23. cxd4 Rxd4 24. exd4 Bxd4+ 25. Kh1 e3 26. Bxe3 Bxa1 27. Bf4
Qe4+ 28. Bg2 Qd4 29. Qxd4 Bxd4 30. Bxb7 Re8 31. Ba6 Re7 32. c6 Bb6 33. Rc1 Bc7
34. Bxc7 Rxc7 35. a4 1-0

[Event "LI Festival A"]
[Site "Imperia ITA"]
[Date "2009.09.01"]
[Round "3"]
[White "Payen, Arnaud"]
[Black "Van Hoolandt, Patrick"]
[WhiteElo "2368"]
[BlackElo "2233"]
[Result "1-0"]
[PlyCount "73"]
[EventDate "2009.08.30"]

1. d4 Nf6 2. Nf3 e6 3. e3 c5 4. Bd3 d5 5. b3 Nc6 6. Bb2 Be7 7. O-O O-O 8. Nbd2
Nb4 9. Be2 b6 10. Ne5 Bb7 11. a3 Nc6 12. f4 Rc8 13. Bd3 cxd4 14. exd4 Nxe5 15.
fxe5 Ne4 16. Nxe4 dxe4 17. Bc4 Qc7 18. c3 Qc6 19. Qe2 f5 20. exf6 Bxf6 21. a4
Kh8 22. Qg4 e5 23. d5 Qc5+ 24. Kh1 Rfd8 25. Ba3 Qe3 26. Rad1 a6 27. Qe6 b5 28.
axb5 axb5 29. Bxb5 Qg5 30. c4 e3 31. Rde1 Ra8 32. Bc1 Ra2 33. Rg1 Rd2 34. Bxd2
exd2 35. Ref1 Bc8 36. Qb6 e4 37. Qxd8+ 1-0

[Event "LI Festival A"]
[Site "Imperia ITA"]
[Date "2009.09.01"]
[Round "3"]
[White "Quirico, Paolo"]
[Black "Salvador, Roland"]
[WhiteElo "2095"]
[BlackElo "2447"]
[Result "0-1"]
[PlyCount "72"]
[EventDate "2009.08.30"]

1. d4 Nf6 2. Nf3 b5 3. Bf4 e6 4. e3 a6 5. Bd3 Bb7 6. O-O Be7 7. h3 c5 8. c3 d6
9. Qe2 Nc6 10. Nbd2 O-O 11. Rad1 Qb6 12. Rfe1 Rfe8 13. dxc5 Qxc5 14. e4 Ne5 15.
Nxe5 dxe5 16. Be3 Qc7 17. Rc1 Red8 18. Red1 Bc6 19. g3 Rd7 20. f3 Rad8 21. Nb3
Nh5 22. Kf2 f5 23. Bb1 f4 24. gxf4 exf4 25. Bc5 Bh4+ 26. Kg2 Qe5 27. Kh2 Qg5
28. Rg1 Bg3+ 29. Kg2 e5 30. Rcd1 Rxd1 31. Rxd1 Bh4+ 32. Kh2 Qg3+ 33. Kh1 Qxh3+
34. Kg1 Rxd1+ 35. Qxd1 Ng3 36. Bc2 Qh1+ 0-1

[Event "LI Festival A"]
[Site "Imperia ITA"]
[Date "2009.09.01"]
[Round "3"]
[White "Ricci, Marco"]
[Black "Mela, Riccardo"]
[WhiteElo "2128"]
[BlackElo "2029"]
[Result "1/2-1/2"]
[PlyCount "56"]
[EventDate "2009.08.30"]

1. e4 c5 2. Nf3 e6 3. d4 cxd4 4. Nxd4 a6 5. Bd3 Nc6 6. Nxc6 bxc6 7. c4 Nf6 8.
Nc3 Qc7 9. O-O Bb7 10. Bg5 Be7 11. Qe2 h6 12. Bh4 e5 13. Bg3 g5 14. a3 h5 15.
h4 Ng4 16. hxg5 Bxg5 17. f3 Nf6 18. Bf2 h4 19. Be3 Bxe3+ 20. Qxe3 Nh5 21. c5
O-O-O 22. Rfd1 Rde8 23. Bf1 Nf4 24. Rd2 Re7 25. Rad1 f6 26. Na4 Rhh7 27. Nb6+
Kb8 28. Kh2 Ne6 1/2-1/2

[Event "LI Festival A"]
[Site "Imperia ITA"]
[Date "2009.09.01"]
[Round "3"]
[White "Schaefer, Michael"]
[Black "Dittmar, Peter"]
[WhiteElo "2157"]
[BlackElo "2357"]
[Result "0-1"]
[PlyCount "62"]
[EventDate "2009.08.30"]

1. c4 e6 2. g3 d5 3. Bg2 Nf6 4. Nf3 c5 5. O-O Nc6 6. cxd5 exd5 7. d4 Be7 8. Nc3
Be6 9. Bf4 O-O 10. dxc5 Bxc5 11. Rc1 a6 12. Ng5 Ba7 13. Nxe6 fxe6 14. Qb3 Qe7
15. e4 d4 16. Ne2 Rad8 17. Bg5 h6 18. Bd2 g5 19. Kh1 d3 20. Ng1 Ng4 21. Rxc6
bxc6 22. f4 gxf4 23. Bb4 c5 24. Ba5 Rd4 25. Bh3 h5 26. Nf3 c4 27. Qc3 Rxe4 28.
Bxg4 hxg4 29. Nd2 Re2 30. Qxc4 Rxh2+ 31. Kxh2 Qh7+ 0-1